000 00345pab a2200145 454500
008 180718b2006 xxu||||| |||| 00| 0 eng d
100 _aWolbring, Gregor
245 _aNanotechnology for health and development
260 _c2006
300 _ap.6-15.
362 _aDec
650 _aHealth services
773 _aDevelopment
909 _a73125
999 _c73125
_d73125